000 00518nam a2200181Ia 4500
001 20089
005 20260306172740.0
008 260306t2013||||xx |||||||||||||| ||spa||
041 _aESP
082 _a342.211
_bP35 T. 4 V. 1 L. 2
100 _aPeces-Barba Martínez, Gregorio
_eAUT
245 0 _aHistoria de los derechos fundamentales. Tomo IV:
_bsiglo XX: Volumen 1: libro 2. Parte 2
260 _c2013
300 _apáginas : 582-1216
_c24 cm.
650 _aGEN
654 _aCDE
942 _cLIB
_dJUS
_fJUS
_2ddc
_n
999 _c20089
_d20089